00325 2200145 4500245004400000250001100044100001700055650001600072650001700088005001900105260001800124041001400142084001400156336000900170 aKehidupan Si BungsucYulianingrumhText aCet. 1 aYulianingrum aKarya Siswa aAutobiografi a20250520104858 aJakartac2025 aIndonesia a081 YUL k atext